BIBLIOTECA

SENCICO

Seguridad Industrial I / (Registro nro. 4839)

Detalles MARC
000 -LEADER
fixed length control field 00679ngm a2200277 a 4500
003 - CONTROL NUMBER IDENTIFIER
control field OSt
005 - DATE AND TIME OF LATEST TRANSACTION
control field 20251020182702.0
008 - FIXED-LENGTH DATA ELEMENTS--GENERAL INFORMATION
fixed length control field 240217s9999 xx 000 0 und d
040 ## - CATALOGING SOURCE
Original cataloging agency PE SENCICO BE
040 ## - CATALOGING SOURCE
Transcribing agency PE SENCICO BE
041 ## - LANGUAGE CODE
Language code of text/sound track or separate title spa
082 ## - DEWEY DECIMAL CLASSIFICATION NUMBER
Classification number N001
245 #0 - TITLE STATEMENT
Title Seguridad Industrial I /
245 #0 - TITLE STATEMENT
Statement of responsibility, etc. TEL-A-TRAIN
260 ## - PUBLICATION, DISTRIBUTION, ETC.
Place of publication, distribution, etc. Estados Unidos
260 ## - PUBLICATION, DISTRIBUTION, ETC.
Name of publisher, distributor, etc. TEL-A-TRAIN
260 ## - PUBLICATION, DISTRIBUTION, ETC.
Date of publication, distribution, etc. No precisa
300 ## - PHYSICAL DESCRIPTION
Extent 1 VIDEO
300 ## - PHYSICAL DESCRIPTION
Other physical details son., Col.
300 ## - PHYSICAL DESCRIPTION
Dimensions 52'
490 ## - SERIES STATEMENT
Series statement SEGURIDD INDUSTRIAL
520 ## - SUMMARY, ETC.
Summary, etc. Seguridad Química; Seguridad en espacios cerrados respiradores.
650 ## - SUBJECT ADDED ENTRY--TOPICAL TERM
Topical term or geographic name entry element SEGURIDAD INDUSTRIAL
910 ## - USER-OPTION DATA (OCLC)
User-option data ila.
942 ## - ADDED ENTRY ELEMENTS (KOHA)
Koha item type Videos
Source of classification or shelving scheme Dewey Decimal Classification
Existencias
Fecha de la última vez que lo usaron Pago total Signatura topográfica completa Código de barras Precio efectivo desde Tipo de documento Estado perdido Sistema de clasificación Estado dañado No es para préstamo Retirado Ubicación permanente Ubicación actual Fecha de adquisición
24/02/2024   N001 Bib-Lima24020495 24/02/2024 Videos   Dewey Decimal Classification       Biblioteca Central Lima Biblioteca Central Lima 24/02/2024